Giáo trình English for business II = (Dùng trong các trường THCN)

Hướng dẫn học tiếng Anh theo chuyên ngành thương mại dành cho sinh viên trung học chuyên nghiệp

保存先:
書誌詳細
第一著者: Trần, Thị Phương Mai
フォーマット: 図書
言語:Undetermined
出版事項: Hà Nội Nhà xuất bản Hà Nội 2007
主題:
タグ: タグ追加
タグなし, このレコードへの初めてのタグを付けませんか!
Thư viện lưu trữ: Trung tâm Học liệu Trường Đại học Cần Thơ
LEADER 00863nam a2200229Ia 4500
001 CTU_142670
008 210402s9999 xx 000 0 und d
020 |c 46000 
082 |a 428.24 
082 |b M103 
100 |a Trần, Thị Phương Mai 
245 0 |a Giáo trình English for business II = 
245 0 |b (Dùng trong các trường THCN) 
245 0 |c Trần Thị Phương Mai (Chủ biên) 
260 |a Hà Nội 
260 |b Nhà xuất bản Hà Nội 
260 |c 2007 
520 |a Hướng dẫn học tiếng Anh theo chuyên ngành thương mại dành cho sinh viên trung học chuyên nghiệp 
650 |a English language,Anh ngữ thực hành 
650 |x Problems, exercises, etc,Spoken english 
904 |i Nguyên 
980 |a Trung tâm Học liệu Trường Đại học Cần Thơ